Việt Nam kiên quyết không để một tấc đất, tấc biển nào bị xâm phạm

Tập hợp những bài viết, những phân tích đánh giá xác đáng của những chuyên gia, các nhà khoa học, nhà văn, các phóng viên báo trực tiếp tác nghiệp trên Biển đông nóng bỏng

Enregistré dans:
Détails bibliographiques
Autres auteurs: Nguyễn Sinh Phúc, Nguyễn Văn Thọ, Hoàng Thuỳ, Nguyễn Thái Anh (tuyển chọn, b.s.), Quốc Dũng (tuyển chọn, b.s.), Lê Chân Nhân, Sương Nguyệt Minh
Format: Livre
Langue:Vietnamese
Publié: H. Văn học 2014
Collection:Chủ quyền biển đảo thiêng liêng và bất khả xâm phạm
Sujets:
Tags: Ajouter un tag
Pas de tags, Soyez le premier à ajouter un tag!
Thư viện lưu trữ: Mạng thư viện Đại học Đà Nẵng
LEADER 01944aam a22004818a 4500
001 000022947
003 19396
005 20150520140500.0
008 150520s2014 viesd
020 |c 70000đ  |d 700b 
041 0 |a vie 
082 0 4 |2 23  |a 320.1509597  |b Vie 
245 0 0 |a Việt Nam kiên quyết không để một tấc đất, tấc biển nào bị xâm phạm  |c Hoàng Thuỳ, Nguyễn Văn Thọ, Nguyễn Sinh Phúc... ; Tuyển chọn, b.s.: Nguyễn Thái Anh, Quốc Dũng 
260 |a H.  |b Văn học  |c 2014 
300 |a 278 tr.  |c 21 cm. 
490 0 |a Chủ quyền biển đảo thiêng liêng và bất khả xâm phạm 
504 |a Thư mục: tr. 275 
520 |a Tập hợp những bài viết, những phân tích đánh giá xác đáng của những chuyên gia, các nhà khoa học, nhà văn, các phóng viên báo trực tiếp tác nghiệp trên Biển đông nóng bỏng 
650 0 4 |2 Bộ TK TVQG  |a Biển Đảo  |x Chủ quyền  |z Việt Nam 
650 7 |2 Bộ TK TVQG 
650 7 |2 Bộ TK TVQG 
651 7 |2 Bộ TK TVQG  |a Việt Nam 
653 |a Việt Nam 
653 |a Biển đảo 
653 |a Chính trị 
653 |a Chủ quyền 
700 1 |a Nguyễn Sinh Phúc 
700 1 |a Nguyễn Văn Thọ 
700 1 |a Hoàng Thuỳ 
700 1 |a Nguyễn Thái Anh  |e tuyển chọn, b.s. 
700 0 |a Quốc Dũng  |e tuyển chọn, b.s. 
700 1 |a Lê Chân Nhân 
700 1 |a Sương Nguyệt Minh 
OWN |a LSP 
AVA |a UDN50  |b LSP  |d 320.1509597 Vie  |e available  |t Error 5001 Not defined in file expand_doc_bib_avail.  |f 5  |g 0  |h N  |i 0  |k 1 
999 |a From the UDN01 
AVA |a UDN50  |b LSP  |d 320.1509597 Vie  |e available  |t Error 5001 Not defined in file expand_doc_bib_avail.  |f 5  |g 0  |h N  |i 0  |k 1 
TYP |a Monograph 
TYP |a Printed language 
980 |a Mạng thư viện Đại học Đà Nẵng